<?xml version="1.0" encoding="UTF-8"?>
<record
    xmlns:xsi="http://www.w3.org/2001/XMLSchema-instance"
    xsi:schemaLocation="http://www.loc.gov/MARC21/slim http://www.loc.gov/standards/marcxml/schema/MARC21slim.xsd"
    xmlns="http://www.loc.gov/MARC21/slim">

  <leader>01643nam a22003497a 4500</leader>
  <controlfield tag="001">720</controlfield>
  <controlfield tag="005">20251218113637.0</controlfield>
  <datafield tag="020" ind1=" " ind2=" ">
    <subfield code="a">0060281715</subfield>
  </datafield>
  <datafield tag="020" ind1=" " ind2=" ">
    <subfield code="a">0060281723 (lib. bdg.)</subfield>
  </datafield>
  <datafield tag="020" ind1=" " ind2=" ">
    <subfield code="a">0064451968 (pbk.)</subfield>
  </datafield>
  <datafield tag="040" ind1=" " ind2=" ">
    <subfield code="a">DLC</subfield>
    <subfield code="c">DLC</subfield>
    <subfield code="d">DLC</subfield>
    <subfield code="b">eng</subfield>
  </datafield>
  <datafield tag="050" ind1="0" ind2="0">
    <subfield code="a">SB363</subfield>
    <subfield code="b">.B785 2001</subfield>
  </datafield>
  <datafield tag="082" ind1="0" ind2="0">
    <subfield code="a">583/.73</subfield>
    <subfield code="2">21</subfield>
  </datafield>
  <datafield tag="100" ind1="1" ind2=" ">
    <subfield code="a">Bulla, Clyde Robert.</subfield>
  </datafield>
  <datafield tag="245" ind1="1" ind2="2">
    <subfield code="a">A tree is a plant /</subfield>
    <subfield code="c">by Clyde Robert Bulla ; illustrated by Stacey Schuett.</subfield>
  </datafield>
  <datafield tag="250" ind1=" " ind2=" ">
    <subfield code="a">First Scholastic printing, September 2002 </subfield>
  </datafield>
  <datafield tag="260" ind1=" " ind2=" ">
    <subfield code="a">New York :</subfield>
    <subfield code="b">Scholastic,</subfield>
    <subfield code="c">2002.</subfield>
  </datafield>
  <datafield tag="300" ind1=" " ind2=" ">
    <subfield code="a">35 pages :</subfield>
    <subfield code="b">color illustratios ;</subfield>
    <subfield code="c">21 x  25  cm.</subfield>
  </datafield>
  <datafield tag="490" ind1=" " ind2=" ">
    <subfield code="a">Let's read and find out science </subfield>
  </datafield>
  <datafield tag="500" ind1=" " ind2=" ">
    <subfield code="a">Originally published: New York : Crowell, [1960].</subfield>
  </datafield>
  <datafield tag="505" ind1=" " ind2=" ">
    <subfield code="a">G 
</subfield>
  </datafield>
  <datafield tag="520" ind1=" " ind2=" ">
    <subfield code="a">A tree is the biggest plant that grows. Trees can live for a very long time, and they are alive all year long, even when they look dead in winter. In this newly illustrated book, you will learn how a tree grows and how it gets food and water. You can also find out what happens to water after it travels through a tree's roots, branches, and leaves, and how to figure out a tree's age. Clyde Robert Bulla's simple and concise text and Stacey Schuett's lush illustrations follow a tree's continuous life cycle through spring, summer, winter, and fall.</subfield>
  </datafield>
  <datafield tag="521" ind1=" " ind2=" ">
    <subfield code="a">420 
</subfield>
    <subfield code="b">Lexile 
</subfield>
  </datafield>
  <datafield tag="521" ind1=" " ind2=" ">
    <subfield code="a">G 
</subfield>
    <subfield code="b">Raz-Plus 
</subfield>
  </datafield>
  <datafield tag="650" ind1=" " ind2="0">
    <subfield code="a">Apples</subfield>
    <subfield code="x">Life cycles</subfield>
    <subfield code="v">Juvenile literature.</subfield>
  </datafield>
  <datafield tag="650" ind1=" " ind2="0">
    <subfield code="a">Apples</subfield>
    <subfield code="v">Juvenile literature.</subfield>
  </datafield>
  <datafield tag="650" ind1=" " ind2="1">
    <subfield code="a">Apples.</subfield>
  </datafield>
  <datafield tag="650" ind1=" " ind2="1">
    <subfield code="a">Trees.</subfield>
  </datafield>
  <datafield tag="700" ind1="1" ind2=" ">
    <subfield code="a">Schuett, Stacey,</subfield>
    <subfield code="e">illustrator</subfield>
  </datafield>
  <datafield tag="906" ind1=" " ind2=" ">
    <subfield code="a">7</subfield>
    <subfield code="b">cbc</subfield>
    <subfield code="c">orignew</subfield>
    <subfield code="d">1</subfield>
    <subfield code="e">ocip</subfield>
    <subfield code="f">20</subfield>
    <subfield code="g">y-gencatlg</subfield>
  </datafield>
  <datafield tag="942" ind1=" " ind2=" ">
    <subfield code="2">ddc</subfield>
    <subfield code="c">BK</subfield>
    <subfield code="n">0</subfield>
  </datafield>
  <datafield tag="999" ind1=" " ind2=" ">
    <subfield code="c">720</subfield>
    <subfield code="d">720</subfield>
  </datafield>
  <datafield tag="952" ind1=" " ind2=" ">
    <subfield code="0">1</subfield>
    <subfield code="1">0</subfield>
    <subfield code="2">ddc</subfield>
    <subfield code="4">1</subfield>
    <subfield code="7">0</subfield>
    <subfield code="8">NFIC</subfield>
    <subfield code="a">001</subfield>
    <subfield code="b">001</subfield>
    <subfield code="c">TK Blue</subfield>
    <subfield code="d">2023-07-03</subfield>
    <subfield code="l">1</subfield>
    <subfield code="o">ROB 583.73 SB363.B785</subfield>
    <subfield code="p">FISBK06048</subfield>
    <subfield code="r">2024-06-10 16:03:15</subfield>
    <subfield code="s">2023-08-07</subfield>
    <subfield code="t">1</subfield>
    <subfield code="w">2023-07-03</subfield>
    <subfield code="y">BK</subfield>
  </datafield>
  <datafield tag="952" ind1=" " ind2=" ">
    <subfield code="0">0</subfield>
    <subfield code="1">0</subfield>
    <subfield code="2">ddc</subfield>
    <subfield code="4">0</subfield>
    <subfield code="7">0</subfield>
    <subfield code="8">NFIC</subfield>
    <subfield code="a">001</subfield>
    <subfield code="b">001</subfield>
    <subfield code="c">TK Blue</subfield>
    <subfield code="d">2023-07-03</subfield>
    <subfield code="l">6</subfield>
    <subfield code="o">ROB 583.73 SB363.B785</subfield>
    <subfield code="p">FISBK06034</subfield>
    <subfield code="r">2026-04-22 10:45:14</subfield>
    <subfield code="s">2026-04-08</subfield>
    <subfield code="t">2</subfield>
    <subfield code="w">2023-07-03</subfield>
    <subfield code="y">BK</subfield>
  </datafield>
  <datafield tag="952" ind1=" " ind2=" ">
    <subfield code="0">0</subfield>
    <subfield code="1">0</subfield>
    <subfield code="2">ddc</subfield>
    <subfield code="4">0</subfield>
    <subfield code="7">0</subfield>
    <subfield code="8">NFIC</subfield>
    <subfield code="a">001</subfield>
    <subfield code="b">001</subfield>
    <subfield code="c">TK Blue</subfield>
    <subfield code="d">2023-07-03</subfield>
    <subfield code="l">6</subfield>
    <subfield code="o">ROB 583.73 SB363.B785</subfield>
    <subfield code="p">FISBK06042</subfield>
    <subfield code="r">2025-11-27 08:20:27</subfield>
    <subfield code="s">2025-11-20</subfield>
    <subfield code="t">3</subfield>
    <subfield code="w">2023-07-03</subfield>
    <subfield code="y">BK</subfield>
  </datafield>
  <datafield tag="952" ind1=" " ind2=" ">
    <subfield code="0">0</subfield>
    <subfield code="1">0</subfield>
    <subfield code="2">ddc</subfield>
    <subfield code="4">0</subfield>
    <subfield code="7">0</subfield>
    <subfield code="8">NFIC</subfield>
    <subfield code="a">001</subfield>
    <subfield code="b">001</subfield>
    <subfield code="c">TK Blue</subfield>
    <subfield code="d">2023-07-03</subfield>
    <subfield code="l">2</subfield>
    <subfield code="o">ROB 583.73 SB363.B785</subfield>
    <subfield code="p">FISBK06020</subfield>
    <subfield code="r">2026-03-12 08:19:17</subfield>
    <subfield code="s">2026-03-05</subfield>
    <subfield code="t">4</subfield>
    <subfield code="w">2023-07-03</subfield>
    <subfield code="y">BK</subfield>
  </datafield>
  <datafield tag="952" ind1=" " ind2=" ">
    <subfield code="0">0</subfield>
    <subfield code="1">0</subfield>
    <subfield code="2">ddc</subfield>
    <subfield code="4">0</subfield>
    <subfield code="7">0</subfield>
    <subfield code="8">NFIC</subfield>
    <subfield code="a">001</subfield>
    <subfield code="b">001</subfield>
    <subfield code="c">TTP</subfield>
    <subfield code="d">2023-07-03</subfield>
    <subfield code="l">2</subfield>
    <subfield code="o">ROB 583.73 SB363.B785</subfield>
    <subfield code="p">FISTK04217</subfield>
    <subfield code="r">2024-03-05 08:22:21</subfield>
    <subfield code="s">2024-02-27</subfield>
    <subfield code="t">5</subfield>
    <subfield code="w">2023-07-03</subfield>
    <subfield code="y">BK</subfield>
  </datafield>
  <datafield tag="952" ind1=" " ind2=" ">
    <subfield code="0">0</subfield>
    <subfield code="1">0</subfield>
    <subfield code="2">ddc</subfield>
    <subfield code="4">0</subfield>
    <subfield code="7">0</subfield>
    <subfield code="8">NFIC</subfield>
    <subfield code="a">001</subfield>
    <subfield code="b">001</subfield>
    <subfield code="c">TTP</subfield>
    <subfield code="d">2023-07-03</subfield>
    <subfield code="l">3</subfield>
    <subfield code="o">ROB 583.73 SB363.B785</subfield>
    <subfield code="p">FISTK02223</subfield>
    <subfield code="r">2025-05-29 13:25:55</subfield>
    <subfield code="s">2025-04-24</subfield>
    <subfield code="t">6</subfield>
    <subfield code="w">2023-07-03</subfield>
    <subfield code="y">BK</subfield>
  </datafield>
  <datafield tag="952" ind1=" " ind2=" ">
    <subfield code="0">0</subfield>
    <subfield code="1">0</subfield>
    <subfield code="2">ddc</subfield>
    <subfield code="4">0</subfield>
    <subfield code="7">0</subfield>
    <subfield code="8">NFIC</subfield>
    <subfield code="a">001</subfield>
    <subfield code="b">001</subfield>
    <subfield code="c">TTP</subfield>
    <subfield code="d">2023-07-03</subfield>
    <subfield code="l">4</subfield>
    <subfield code="o">ROB 583.73 SB363.B785</subfield>
    <subfield code="p">FISTK04218</subfield>
    <subfield code="r">2025-07-24 11:10:54</subfield>
    <subfield code="s">2025-06-30</subfield>
    <subfield code="t">7</subfield>
    <subfield code="w">2023-07-03</subfield>
    <subfield code="y">BK</subfield>
  </datafield>
  <datafield tag="952" ind1=" " ind2=" ">
    <subfield code="0">0</subfield>
    <subfield code="1">0</subfield>
    <subfield code="2">ddc</subfield>
    <subfield code="4">0</subfield>
    <subfield code="7">0</subfield>
    <subfield code="8">NFIC</subfield>
    <subfield code="a">001</subfield>
    <subfield code="b">001</subfield>
    <subfield code="c">TTP</subfield>
    <subfield code="d">2023-07-03</subfield>
    <subfield code="l">2</subfield>
    <subfield code="o">ROB 583.73 SB363.B785</subfield>
    <subfield code="p">FISTK04216</subfield>
    <subfield code="r">2024-03-05 08:21:31</subfield>
    <subfield code="s">2024-02-27</subfield>
    <subfield code="t">8</subfield>
    <subfield code="w">2023-07-03</subfield>
    <subfield code="y">BK</subfield>
  </datafield>
  <datafield tag="952" ind1=" " ind2=" ">
    <subfield code="0">0</subfield>
    <subfield code="1">0</subfield>
    <subfield code="2">ddc</subfield>
    <subfield code="4">0</subfield>
    <subfield code="7">0</subfield>
    <subfield code="8">NFIC</subfield>
    <subfield code="a">001</subfield>
    <subfield code="b">001</subfield>
    <subfield code="c">TTP</subfield>
    <subfield code="d">2023-07-03</subfield>
    <subfield code="l">3</subfield>
    <subfield code="o">ROB 583.73 SB363.B785</subfield>
    <subfield code="p">FISTK04219</subfield>
    <subfield code="r">2025-07-24 11:47:20</subfield>
    <subfield code="s">2025-06-30</subfield>
    <subfield code="t">9</subfield>
    <subfield code="w">2023-07-03</subfield>
    <subfield code="y">BK</subfield>
  </datafield>
  <datafield tag="952" ind1=" " ind2=" ">
    <subfield code="0">0</subfield>
    <subfield code="1">0</subfield>
    <subfield code="2">ddc</subfield>
    <subfield code="4">0</subfield>
    <subfield code="7">0</subfield>
    <subfield code="8">NFIC</subfield>
    <subfield code="a">001</subfield>
    <subfield code="b">001</subfield>
    <subfield code="c">TTP</subfield>
    <subfield code="d">2023-07-03</subfield>
    <subfield code="l">1</subfield>
    <subfield code="o">ROB 583.73 SB363.B785</subfield>
    <subfield code="p">FISTKG2A054</subfield>
    <subfield code="r">2024-04-08 15:39:31</subfield>
    <subfield code="s">2024-03-25</subfield>
    <subfield code="t">10</subfield>
    <subfield code="w">2023-07-03</subfield>
    <subfield code="y">BK</subfield>
  </datafield>
  <datafield tag="952" ind1=" " ind2=" ">
    <subfield code="0">0</subfield>
    <subfield code="1">0</subfield>
    <subfield code="2">ddc</subfield>
    <subfield code="4">0</subfield>
    <subfield code="7">0</subfield>
    <subfield code="8">NFIC</subfield>
    <subfield code="a">001</subfield>
    <subfield code="b">001</subfield>
    <subfield code="c">TK Blue</subfield>
    <subfield code="d">2024-04-04</subfield>
    <subfield code="l">4</subfield>
    <subfield code="o">ROB 583.73 SB363.B785</subfield>
    <subfield code="p">FISBK072255</subfield>
    <subfield code="r">2026-03-12 08:19:20</subfield>
    <subfield code="s">2026-03-05</subfield>
    <subfield code="t">11</subfield>
    <subfield code="w">2024-04-04</subfield>
    <subfield code="y">BK</subfield>
  </datafield>
  <datafield tag="952" ind1=" " ind2=" ">
    <subfield code="0">1</subfield>
    <subfield code="1">0</subfield>
    <subfield code="2">ddc</subfield>
    <subfield code="4">1</subfield>
    <subfield code="7">0</subfield>
    <subfield code="8">NFIC</subfield>
    <subfield code="a">001</subfield>
    <subfield code="b">001</subfield>
    <subfield code="c">TK Blue</subfield>
    <subfield code="d">2024-07-16</subfield>
    <subfield code="l">0</subfield>
    <subfield code="o">ROB 583.73 SB363.B785</subfield>
    <subfield code="p">FISTKG1A088</subfield>
    <subfield code="r">2024-07-16 15:00:00</subfield>
    <subfield code="t">12</subfield>
    <subfield code="w">2024-07-16</subfield>
    <subfield code="y">BK</subfield>
  </datafield>
</record>
